000 00300nam a22001217a 4500
999 _c480271
_d480271
003 NUST
008 161117t xxu||||| |||| 00| 0 eng d
020 _a0-632-05307-0
038 _aAdnan
082 _a020
245 _aindustrial microbiology
_ban introduction
_cmichael j. waites
942 _2ddc
_cBK